WWE Pay-Per-View (PPV) Main Events - 2011 - Statistics

General Stats
  • This quiz has been taken 2,087 times
    1,002 since last reset
  • The average score is 9 of 10
Answer Stats
PPV Match % Correct
Elimination Chamber, WrestleMania XXVII, Extreme Rules, Over The Limit, Capitol Punishment, Money In The Bank, SummerSlam, Hell in a Cell, Vengeance, Survivor Series John Cena
99%
Elimination Chamber, Money In The Bank, SummerSlam, Night of Champions, Hell in a Cell, Tables, Ladders & Chairs CM Punk
96%
Royal Rumble, Hell in a Cell, Vengeance, Tables, Ladders & Chairs Alberto Del Rio
95%
WrestleMania XXVII, Extreme Rules, Over The Limit, Survivor Series, Tables, Ladders & Chairs The Miz
95%
Night of Champions Triple H
91%
Survivor Series The Rock
90%
Elimination Chamber Randy Orton
88%
Elimination Chamber, Capitol Punishment, Survivor Series R-Truth
88%
Elimination Chamber Sheamus
75%
Elimination Chamber, Extreme Rules John Morrison
74%
No matching quizzes found
Score Distribution
Percent of People with Each Score
Percentile by Number Answered
Your Score History
You have not taken this quiz since the last reset